José Luis Sánchez (Record no. 189390)

MARC details
000 -LEADER
campo de control de longitud fija 00993nam a2200253 i 4500
001 - NÚMERO DE CONTROL
campo de control 189390
003 - IDENTIFICADOR DE NÚMERO DE CONTROL
campo de control SpMaBN
005 - FECHA Y HORA DE LA ÚLTIMA TRANSACCIÓN
campo de control 20250823063132.0
007 - CAMPO FIJO DE DESCRIPCIÓN FÍSICA--INFORMACIÓN GENERAL
campo de control de longitud fija t|
008 - DATOS DE LONGITUD FIJA--INFORMACIÓN GENERAL
campo de control de longitud fija 190529s1990 sp a |||| |dspa d
020 ## - NÚMERO INTERNACIONAL ESTÁNDAR DEL LIBRO
Número Internacional Estándar del Libro 84-86795-99-0
100 1# - ENTRADA PRINCIPAL--NOMBRE DE PERSONA
Nombre de persona Sánchez, José Luis,
Fechas asociadas al nombre 1926-2018
9 (RLIN) 102384
245 10 - MENCIÓN DEL TÍTULO
Título José Luis Sánchez
Resto del título : esculturas, relieves, medallas : [exposición] 5 octubre/4 noviembre /
Mención de responsabilidad, etc. [promueve, Museo Barjola ; textos, Joaquín Rubio Camín].
260 ## - PUBLICACIÓN, DISTRIBUCIÓN, ETC.
Lugar de publicación, distribución, etc. [Oviedo] :
Nombre del editor, distribuidor, etc. Servicio de Publicaciones del Principado de Asturias,
Fecha de publicación, distribución, etc. [1990]
300 ## - DESCRIPCIÓN FÍSICA
Extensión 69 p. :
Otras características físicas il., fot. ;
Dimensiones 23 x 22 cm.
600 14 - PUNTO DE ACCESO ADICIONAL DE MATERIA--NOMBRE DE PERSONA
Nombre de persona Sánchez, José Luis,
Fechas asociadas al nombre 1926-2018-
Subdivisión de forma Exposiciones
9 (RLIN) 102385
655 #7 - TERMINO DE INDIZACIÓN--GENERO/FORMA
Fuente del término tgfbne
9 (RLIN) 193628
Datos o término principal de género/forma Catálogos de exposiciones
700 1# - ENTRADA AGREGADA--NOMBRE PERSONAL
Nombre de persona Rubio Camín, Joaquín.
9 (RLIN) 100391
710 2# - ENTRADA AGREGADA--NOMBRE DE ENTIDAD CORPORATIVA
Nombre de entidad corporativa o nombre de jurisdicción como elemento de entrada Museo Juan Barjola
9 (RLIN) 5886
710 1# - ENTRADA AGREGADA--NOMBRE DE ENTIDAD CORPORATIVA
Nombre de entidad corporativa o nombre de jurisdicción como elemento de entrada Asturias (Comunidad Autónoma).
Unidad subordinada Servicio de Publicaciones.
9 (RLIN) 1837
852 ## - LOCALIZACIÓN
Ubicación ES-MaACL
Número de control de estantería L-32396
942 ## - ELEMENTOS DE ENTRADA SECUNDARIOS (KOHA)
Fuente del sistema de clasificación o colocación Clasificación decimal universal
Holdings
Estatus retirado Estado de pérdida Estado de daño No para préstamo Biblioteca de origen Biblioteca actual Ubicación en estantería Fecha de adquisición Fuente de adquisición Total de préstamos Signatura topográfica completa Código de barras Visto por última vez Precio de reemplazo Tipo de ítem Koha
        Biblioteca del Ateneo de Madrid Biblioteca del Ateneo de Madrid Depósito 2 29/05/2019     L-32396 1200660 23/02/2023 23/02/2023 Libro impreso